Logo CIB grande

CONSTRUCCION DE VENTAJAS COMPETITIVAS EN BOLIVIA: LAS CADENAS PRODUCTIVAS DE SOYA; QUINUA; UVAS, VINOS Y SINGANIS; MADERAS; CUEROS; TEXTILES Y CONFECCIONES (Registro nro. 226941)

Detalles MARC
000 -LEADER
campo de control de longitud fija 00791nam a2200253Ia 4500
005 - FECHA Y HORA DE LA ÚLTIMA TRANSACCIÓN
campo de control 20250425162327.0
008 - DATOS DE LONGITUD FIJA--INFORMACIÓN GENERAL
campo de control de longitud fija 250425s9999 xx 000 0 und d
020 ## - NÚMERO INTERNACIONAL ESTÁNDAR DEL LIBRO
Número Internacional Estándar del Libro 9789806810273
041 ## - CÓDIGO DE IDIOMA
Código de lengua del texto/banda sonora o título independiente spa
043 ## - CÓDIGO DE ÁREA GEOGRÁFICA
Código de área geográfica ck
082 ## - NÚMERO DE LA CLASIFICACIÓN DECIMAL DEWEY
Número de clasificación 338.5
010 ## - NÚMERO DE CONTROL DE LA BIBLIOTECA DEL CONGRESO
Número de control de LC 62466
100 ## - ENTRADA PRINCIPAL--NOMBRE DE PERSONA
Nombre de persona CORPORACION, ANDINA DE FOMENTO
245 #0 - MENCIÓN DEL TÍTULO
Título CONSTRUCCION DE VENTAJAS COMPETITIVAS EN BOLIVIA: LAS CADENAS PRODUCTIVAS DE SOYA; QUINUA; UVAS, VINOS Y SINGANIS; MADERAS; CUEROS; TEXTILES Y CONFECCIONES
250 ## - MENCION DE EDICION
Mención de edición 1A ED.
260 ## - PUBLICACIÓN, DISTRIBUCIÓN, ETC.
Lugar de publicación, distribución, etc. Colombia
Nombre del editor, distribuidor, etc. CORPORACION ANDINA DE FOMENTO
Fecha de publicación, distribución, etc. 2007
260 ## - PUBLICACIÓN, DISTRIBUCIÓN, ETC.
Lugar de publicación, distribución, etc. S.L.
Nombre del editor, distribuidor, etc. CORPORACION ANDINA DE FOMENTO
300 ## - DESCRIPCIÓN FÍSICA
Extensión 242
500 ## - NOTA GENERAL
Nota general COLECCIÒN PAC SERIE CLUSTERS 1
650 ## - PUNTO DE ACCESO ADICIONAL DE MATERIA--TÉRMINO DE MATERIA
Término de materia o nombre geográfico como elemento de entrada ECONOMIA
650 ## - PUNTO DE ACCESO ADICIONAL DE MATERIA--TÉRMINO DE MATERIA
Término de materia o nombre geográfico como elemento de entrada NEGOCIOS
710 ## - ENTRADA AGREGADA--NOMBRE DE ENTIDAD CORPORATIVA
Nombre de entidad corporativa o nombre de jurisdicción como elemento de entrada CORPORACION ANDINA DE FOMENTO
942 ## - ELEMENTOS DE ENTRADA SECUNDARIOS (KOHA)
Tipo de ítem Koha Libros
Existencias
Estatus retirado Estado de pérdida Estado de daño No para préstamo Biblioteca de origen Biblioteca actual Ubicación en estantería Fecha de adquisición Coste, precio normal de compra Total de préstamos Código de barras Copia número Nota pública
        ESCUELA DE NEGOCIOS ESCUELA DE NEGOCIOS   22/09/2007 3.00   D-P 09485 1 DONADO

Copyright 2025 ESPOL. Todos los derechos reservados.